000 00205 a2200097 4500
001 20636
100 _aMcloughlin, E V
245 _aThe book of knowledge
260 _a
_bGrolier
_c
090 _c14949
_d14949
942 _aNUST-CAE
_cM
_c5501
999 _c255709
_d255709